Study Of The Electrical Properties OF A Polymer (CPVC) Doped With Organic Compounds / (رقم التسجيلة. 176177)

تفاصيل مارك
000 -LEADER
fixed length control field 01493namaa22003491i 4500
005 - أخر تعامل مع التسجيلة
control field 20260113111727.0
008 - FIXED-LENGTH DATA ELEMENTS--GENERAL INFORMATION
fixed length control field 251125s1995 ua a|||frm||| 000 0 eng d
040 ## - CATALOGING SOURCE
Original cataloguing agency EG-GICUC
Language of cataloging eng
Transcribing agency EG-GICUC
Modifying agency EG-GICUC
Description conventions rda
041 0# - LANGUAGE CODE
Language code of text/sound track or separate title eng
Language code of summary or abstract eng
-- ara
049 ## - Acquisition Source
Acquisition Source Deposit
097 ## - Degree
Degree M.Sc
099 ## - LOCAL FREE-TEXT CALL NUMBER (OCLC)
Local Call Number Cai01.12.20.M.Sc.1995.So.S.
100 0# - MAIN ENTRY--PERSONAL NAME
Authority record control number or standard number Sozan Saber EL-Sayed,
Preparation preparation.
245 10 - TITLE STATEMENT
Title Study Of The Electrical Properties OF A Polymer (CPVC) Doped With Organic Compounds /
Statement of responsibility, etc. By Sozan Saber EL-Sayed; Approved By Prof. Dr. M. Yousef, Prof.Dr. M. A. Ahmed, Dr. S. Mahrous, Prof. Dr. G. EL-Saeed, Dr. A. M. Salah.
246 15 - VARYING FORM OF TITLE
Title proper/short title دراسة الخواص الكهربية لبولمير (CPVC) مطعم بمركبات عضوية
264 #0 - PRODUCTION, PUBLICATION, DISTRIBUTION, MANUFACTURE, AND COPYRIGHT NOTICE
Date of production, publication, distribution, manufacture, or copyright notice 1995.
300 ## - PHYSICAL DESCRIPTION
Extent 107 Leaves :
Other physical details illustrations ;
Dimensions 30 cm. +
336 ## - CONTENT TYPE
Source rda content
Content type term text
337 ## - MEDIA TYPE
Source rdamedia
Media type term Unmediated
338 ## - CARRIER TYPE
Source rdacarrier
Carrier type term volume
502 ## - DISSERTATION NOTE
Dissertation note Thesis (M.Sc.) -Cairo University, 1995.
504 ## - BIBLIOGRAPHY, ETC. NOTE
Bibliography, etc. note Bibliography: pages 103-107.
653 #0 - INDEX TERM--UNCONTROLLED
Uncontrolled term Physics
700 0# - ADDED ENTRY--PERSONAL NAME
Personal name M. Yousef
Relator term thesis advisor.
700 0# - ADDED ENTRY--PERSONAL NAME
Personal name M. A. Ahmed
Relator term thesis advisor.
700 0# - ADDED ENTRY--PERSONAL NAME
Personal name S. Mahrous
Relator term thesis advisor.
700 0# - ADDED ENTRY--PERSONAL NAME
Personal name G. EL-Saeed
Relator term thesis advisor.
700 0# - ADDED ENTRY--PERSONAL NAME
Personal name A. M. Salah
Relator term thesis advisor.
900 ## - Thesis Information
Department Department of Demonstrator In Physics
Faculties Faculty of Science
Universities Cairo University
Grant date 1995
Supervisory body M. Yousef
-- M.A.Ahmed
-- S. Mahrous
-- G. EL-Saeed
-- A.M. Salah
905 ## - Cataloger and Reviser Names
Cataloger Name Eman El gebaly
Reviser Names Nourhan
942 ## - ADDED ENTRY ELEMENTS (KOHA)
Source of classification or shelving scheme Dewey Decimal Classification
Koha item type Thesis
Edition 21
Suppress in OPAC No
المقتنيات
Source of classification or shelving scheme Home library Current library Date acquired Inventory number Full call number Barcode Date last seen Effective from Koha item type
Dewey Decimal Classification المكتبة المركزبة الجديدة - جامعة القاهرة مكتبة المئوية 25.11.2025 27963 Cai01.12.20.M.Sc.1995.So.S. 01010110027963000 25.11.2025 25.11.2025 Thesis
Cairo University Libraries Portal Implemented & Customized by: Eng. M. Mohamady Contacts: new-lib@cl.cu.edu.eg | cnul@cl.cu.edu.eg
CUCL logo CNUL logo
© All rights reserved — Cairo University Libraries
CUCL logo
Implemented & Customized by: Eng. M. Mohamady Contact: new-lib@cl.cu.edu.eg © All rights reserved — New Central Library
CNUL logo
Implemented & Customized by: Eng. M. Mohamady Contact: cnul@cl.cu.edu.eg © All rights reserved — Cairo National University Library